000 00635nam a2200241Ia 4500
003 OSt
005 20220912150638.0
006 a|||||r|||| 00| 0
007 ta
008 220909b |||||||| |||| 00| 0 eng d
024 _a31219
037 _cTextual
040 _aCSL
_beng
_cCSL
041 _aeng
082 _aY74653 K-2, L2
100 _aTalmon Yanina
245 0 _aFamily and community in the Kibbutz
260 _aCambridge
_bHarvard University Press
_c1972
300 _axiii,266p.
_ccm.
650 _aArabians
942 _hY74653 K-2, L2
_cTEXL
_2CC
999 _c51751
_d51751